| 000 | 00649nam a2200253Ia 4500 | ||
|---|---|---|---|
| 008 | 171120s9999 xx 000 0 und d | ||
| 020 | _a9712714381 | ||
| 050 | _a641.5 | ||
| 050 | _bL864 2004 | ||
| 100 | _aLopez, Marilen | ||
| 245 | _aEl Comedor meals and memories : | ||
| 245 | _bfeaturing the recipes of Lourdes P. del Rosario / | ||
| 245 | _cby Marilen Lopez and Tina Lopez. | ||
| 260 | _aPhilippines : | ||
| 260 | _bAnvil, | ||
| 260 | _c2004 | ||
| 300 | _a162 pages : | ||
| 300 | _billustrations ; | ||
| 300 | _c22cm. | ||
| 650 | _aCookery. | ||
| 650 | _aCooking, Philippine. | ||
| 700 | _aLopez, Tina. | ||
| 700 | _aTitle. | ||
| 999 |
_c345355 _d345355 |
||